000 00738nam a22001815i 4500
001 167444
003 ES-MaACL
005 20250911063602.0
008 960412s1880 sp |||| | spa d
040 _aCLM
_bspa
_cCLM
100 1 _aVidal y Soler, Sebastián,
_d1842-1889
_9114528
245 1 0 _aCatálogo métodico de las plantas leñosas silvestres y cultivadas observadas en la provincia de Manila /
_cpor ... Sebastian Vidal y Soler.
260 _aMadrid :
_b[s.n.],
_c1880 (
_fImprenta de Moreno y Rojas)
300 _a48 p. ;
_c24 cm.
650 4 _aLeña-
_zManila-
_vCatálogos.
_9136404
852 _aES-MaACL
_jT-382-F-5
_z-- Enc. hol., falto de la enc. original
_z-- Enc. en un vol. facticio
999 _c167444
_d167444